Chanteurs des n°1 du top 50 entre 2010 et 2014 - Statistiques

Statistiques générales
  • Ce quiz a été pris 1 079 fois
  • Le résultat moyen est 34 sur 59
Statistiques - réponses
Année Artiste(s) Titre de la chanson n°1 du top 50 % Correct
2010 Christophe Maé Dingue, dingue, dingue
98%
2010 Stromae Alors on danse
98%
2013 Stromae Papaoutai
98%
2013 Stromae Formidable
98%
2013 Stromae Tous les mêmes
98%
2011 Shakira Je l'aime à mourir
95%
2010 Shakira & Freshlyground Waka Waka (This Time for Africa)
95%
2013 Eminem et Rihanna The Monster
89%
2011 Rihanna Man Down
89%
2012 Rihanna Diamonds
89%
2011 Rihanna ft. Calvin Harris We Found Love
89%
2011 Adele Someone Like You
88%
2012 Adele Skyfall
88%
2010 Lady Gaga Bad Romance
88%
2013 Robin Thicke, T.I et Pharrell Williams Blurred Lines
88%
2014 Sia Chandelier
88%
2014 Black M Sur ma route
85%
2013 Will.i.am et Britney Spears Scream & Shout
85%
2013 Vitaa et Maître Gims Game Over
84%
2011 Mika Elle me dit
83%
2013 Maitre Gims J'me tire
82%
2013 Daft Punk et Pharrell Williams Get Lucky
80%
2010 Justin Bieber feat. Ludacris Baby
78%
2012 Psy Gangnam Style
78%
2010 David Guetta & Chris Willis ft. Fergie & LMFAO Gettin' Over You
73%
2014 Mark Ronson ft. Bruno Mars Uptown Funk
73%
2013 Pharrell Williams Happy
70%
2010 Kesha TiK ToK
67%
2011 Colonel Reyel Celui...
65%
2011 Colonel Reyel Toutes les nuits
65%
2011 Jennifer Lopez feat Pitbull On the Floor
60%
2012 Carly Rae Jepsen Call Me Maybe
59%
2014 David Guetta ft. Sam Martin Dangerous
58%
2011 LMFAO ft. Lauren Bennett & GoonRock Party Rock Anthem
58%
2011 Snoop Dogg Vs David Guetta Sweat
58%
2010 René la Taupe Mignon, Mignon
56%
2013 Avicii et Aloe Blacc Wake Me Up!
51%
2011 Jessie J et B.o.B Price Tag
42%
2012 Michel Teló Ai Se Eu Te Pego
38%
2013 Macklemore et Ryan Lewis Thrift Shop
36%
2012 Gotye & Kimbra Somebody that I used to know
34%
2010 Mylène Farmer Oui mais... non
33%
2011 Mylène Farmer Bleu noir
33%
2011 Mylène Farmer Lonely Lisa
33%
2013 Mylène Farmer À l'ombre
33%
2011 The Black Eyed Peas Just Can't Get Enough
33%
2014 Booba OKLM
27%
2010 Cœur de pirate feat. Julien Doré Pour un infidèle
27%
2012 Gusttavo Lima Balada
23%
2010 Jessy Matador Allez ola olé
17%
2014 Milky Chance Stolen Dance
17%
2012 Tacabro Tacata'
15%
2012 C2C Down The Road
14%
2011 Israel Kamakawiwoʻole Over the Rainbow / What a Wonderful World
13%
2014 Lilly Wood and the Prick Prayer in C (Robin Schulz radio edit)
12%
2010 Collectif Métissé Debout pour danser
11%
2012 Alex Ferrari Bara Bará Bere Berê
9%
2013 Bakermat Vandaag
5%
2013 Bénabar, Patrick Bruel, Cali et Marina Un arc-en-ciel
3%
Aucun quiz correspondant
Distribution des résultats
% des personnes avec chaque résultat
Percentile par nombre de réponses
Votre historique - résultats
Vous n’avez pas pris ce quiz